[Event "XXV OOM - Mistrzostwa Polski Juniorow Mlodszych - Dziewczeta do lat 12"]
[Site "Sielpia"]
[Date "1899-12-30"]
[Round "5.8"]
[White "Oborska, Magda"]
[Black "Tokarz, Izabela"]
[Result "1-0"]
[WhiteTitle "I+"]
[BlackTitle "I"]
[WhiteElo "1339"]
[BlackElo "1390"]

1. d4 d5 2. Nf3 e6 3. Bf4 Nf6 4. e3 Be7 5. Be2 O-O 6. O-O c6 7. c3 Nbd7 8. Nbd2
Ne4 9. Bd3 Ndf6 10. Qc2 Nxd2 11. Nxd2 h6 12. e4 dxe4 13. Nxe4 Nd5 14. Qd2 g5 15.
Be5 f6 16. c4 fxe5 17. cxd5 exd5 18. Ng3 e4 19. Bc2 Bd6 20. Ne2 Bf4 21. Nxf4 gxf4
22. Bb3 Kh8 23. Kh1 Qf6 24. Rg1 Kh7 25. Bc2 f3 26. Qe3 Bg4 27. h3 Qe7 28. Kh2
Qd6+ 29. g3 Bf5 30. Rh1 Qe6 31. h4 Bh3 32. Kg1 Bg2 33. Rh2 h5 34. Re1 Qg4 35.
Bd1 Rf7 36. Rxg2 Rg8 37. Rh2 Qd7 38. Bc2 Qd6 39. Kf1 Qb4 40. Qc3 Qb5+ 41. Kg1
Kh8 42. a4 Qb6 43. b4 Qc7 44. Kf1 Rfg7 45. Qe3 Qd6 46. Rb1 Rg6 47. Rb3 b6 48.
Rb1 Kh7 49. Qd2 R8g7 50. Rb3 c5 51. bxc5 bxc5 52. Rb5 c4 53. Qa5 Rxg3 54. fxg3
Qxg3 55. Bxe4+ dxe4 56. Rxh5+ Kg8 57. Qd8+ Kf7 58. Rf5+ Ke6 59. Qd5+ Ke7 60. Qe5+
Qxe5 61. Rxe5+ Kd6 62. Rxe4 Kd5 63. Rf4 c3 64. Rxf3 Kxd4 65. Rc2 Rc7 66. h5 Rc6
67. Kf2 a6 68. h6 Rxh6 69. Rcxc3 Rh2+ 70. Kg3 Rh8 71. Rc6 a5 72. Ra6 Rg8+ 73.
Kf2 Rg5 74. Rf4+ Kc3 75. Rb6 Re5 76. Rb5 Re8 77. Rxa5 Rb8 78. Rb5 Rh8 79. a5 Rh2+
80. Kg3 Rh8 81. a6 Rg8+ 82. Kf3 Rg1 83. a7 Rf1+ 84. Kg4 Rg1+ 85. Kf5 1-0

[Event "XXV OOM - Mistrzostwa Polski Juniorow Mlodszych - Dziewczeta do lat 12"]
[Site "Sielpia"]
[Date "1899-12-30"]
[Round "5.9"]
[White "Sliwicka, Weronika"]
[Black "Roszkiewicz, Zofia"]
[Result "0-1"]
[WhiteTitle "I"]
[BlackTitle "I"]
[WhiteElo "1161"]
[BlackElo "1444"]

1. d4 d5 2. Nf3 Nf6 3. e3 e6 4. c4 b6 5. Nc3 Bb7 6. Bd3 Be7 7. O-O Nbd7 8. Qc2
O-O 9. e4 dxe4 10. Nxe4 Nxe4 11. Bxe4 Bxe4 12. Qxe4 c5 13. Rd1 Nf6 14. Qe2 Qc7
15. dxc5 Bxc5 16. Qe5 Qxe5 17. Nxe5 Rfd8 18. Bf4 Ne4 19. Nd3 Bd4 20. Rab1 Nc5
21. Ne5 Bxb2 22. h3 Bxe5 23. Bxe5 f6 24. Bc3 Ne4 25. Be1 Kf7 26. f3 Nc5 27. Bf2
Nb7 28. Bg3 Rxd1+ 29. Rxd1 Rd8 30. Rxd8 Nxd8 31. Kf2 e5 32. Ke3 Ke6 33. Ke4 Nc6
34. Bf2 f5+ 35. Ke3 Nb4 36. a4 Na6 37. Kd3 Nc5+ 38. Bxc5 bxc5 39. Ke3 h6 40. g3
Kf6 41. g4 g6 42. h4 h5 43. g5+ Ke6 44. Kd3 f4 45. Ke4 a5 46. Kd3 Kf5 47. Ke2
e4 48. Kf2 exf3 49. Kxf3 Ke5 50. Ke2 Ke4 51. Kf2 f3 52. Ke1 Ke3 53. Kf1 f2 54.
Kg2 Ke2 55. Kh2 f1=Q 56. Kg3 Qf3+ 57. Kh2 Qg4 58. Kh1 Kf1 59. Kh2 Qxh4# 0-1

[Event "XXV OOM - Mistrzostwa Polski Juniorow Mlodszych - Dziewczeta do lat 12"]
[Site "Sielpia"]
[Date "1899-12-30"]
[Round "5.10"]
[White "Janikowska, Wiktoria"]
[Black "Staniewicz, Adrianna"]
[Result "0-1"]
[WhiteTitle "I"]
[BlackTitle "WCM"]
[WhiteElo "1393"]
[BlackElo "1086"]

1. e4 c5 2. Nf3 e6 3. d4 cxd4 4. Nxd4 a6 5. c4 Nf6 6. Nc3 Qc7 7. a3 b6 8. Be3 Bb7
9. f3 Be7 10. Be2 d6 11. O-O Nbd7 12. Rc1 Rc8 13. Qd2 Qb8 14. Rfd1 Ne5 15. Na4
Nfd7 16. Qe1 Ba8 17. Qg3 Ng6 18. Qf2 Nc5 19. Nc3 O-O 20. b4 Nd7 21. f4 Nf6 22.
Bd3 Ng4 23. Qe2 Nxe3 24. Qxe3 e5 25. fxe5 Nxe5 26. Nf5 Bf6 27. Nd5 Bxd5 28. cxd5
b5 29. Be2 h6 30. Qg3 Kh8 31. Nd4 Rfe8 32. Nb3 Rc7 33. Rxc7 Qxc7 34. Rc1 Qb8 35.
Na5 Rc8 36. Nc6 Nxc6 37. dxc6 Qb6+ 38. Qf2 Bd4 0-1

[Event "XXV OOM - Mistrzostwa Polski Juniorow Mlodszych - Dziewczeta do lat 12"]
[Site "Sielpia"]
[Date "1899-12-30"]
[Round "5.11"]
[White "Romejko, Jagoda"]
[Black "Slusarczyk, Anna"]
[Result "0-1"]
[WhiteTitle "II+"]
[BlackTitle "I"]
[WhiteElo "1173"]
[BlackElo "1347"]

1. e4 c5 2. Nf3 e6 3. d4 cxd4 4. Nxd4 a6 5. c4 Qc7 6. Nc3 Nf6 7. a3 Nc6 8. Be3
Ne5 9. Rc1 Neg4 10. Be2 Nxe3 11. fxe3 Bd6 12. Nf3 Ng4 13. Qd4 f6 14. Rd1 Bc5 15.
Qd3 Nxe3 16. Rc1 Nxg2+ 17. Kd1 Qd6 18. Qxd6 Bxd6 19. b4 Ne3+ 20. Ke1 Bf4 21. Rb1
Ke7 22. Bd3 Rd8 23. Ne2 Bh6 24. Kf2 d5 25. exd5 exd5 26. cxd5 Nxd5 27. Bxh7 f5
28. Nh4 Kf6 29. Rhg1 Be3+ 30. Kf3 Bxg1 31. Nxg1 g5 32. Ng2 Rh8 33. Bxf5 Bxf5 34.
Rd1 Be4+ 35. Kg3 Bxg2 36. Kxg2 Ne3+ 37. Kf3 Nxd1 38. h3 Rad8 39. a4 Rhe8 40. b5
Rd3+ 41. Kg2 Rd2+ 42. Kh1 Re3 43. h4 Nf2+ 44. Kg2 Ng4+ 45. Ne2 Rdxe2+ 46. Kg1
Rg3+ 47. Kf1 Rgg2 48. hxg5+ Kxg5 49. bxa6 Ne3# 0-1

[Event "XXV OOM - Mistrzostwa Polski Juniorow Mlodszych - Dziewczeta do lat 12"]
[Site "Sielpia"]
[Date "1899-12-30"]
[Round "5.12"]
[White "Pietryk, Joanna"]
[Black "Pastuszko, Katarzyna"]
[Result "1-0"]
[WhiteTitle "I"]
[BlackTitle "I"]
[WhiteElo "1110"]
[BlackElo "1288"]

1. e4 e6 2. d4 d5 3. Nd2 c5 4. c3 Nc6 5. Ngf3 Nf6 6. e5 Nd7 7. Bd3 Qb6 8. Qb3 Qxb3
9. axb3 cxd4 10. cxd4 Be7 11. Nf1 O-O 12. Ne3 Bb4+ 13. Bd2 Bxd2+ 14. Kxd2 f6 15.
exf6 gxf6 16. Rhc1 Nb4 17. Bb5 a6 18. Rc7 Rf7 19. Kc3 a5 20. Rxa5 Rxa5 21. Rxc8+
Nf8 22. Kxb4 Ra7 23. Ng4 Kg7 24. Ne1 Ra1 25. Nd3 Rg1 26. Be8 Re7 27. Nf4 Rd1 28.
Nh5+ Kh8 29. Ngxf6 Rxd4+ 30. Kc3 Rd1 31. Kc2 Rd4 32. Bg6 1-0

[Event "XXV OOM - Mistrzostwa Polski Juniorow Mlodszych - Dziewczeta do lat 12"]
[Site "Sielpia"]
[Date "1899-12-30"]
[Round "5.13"]
[White "Sprzeczka, Emilia"]
[Black "Gladyszewska, Kinga"]
[Result "1/2-1/2"]
[WhiteTitle "II+"]
[BlackTitle "I"]
[WhiteElo "1109"]
[BlackElo "1261"]

1. e4 c5 2. Nf3 d6 3. d4 cxd4 4. Nxd4 Nf6 5. Nc3 g6 6. Bb5+ Bd7 7. Bxd7+ Nbxd7
8. O-O Bg7 9. Kh1 O-O 10. f4 Qb6 11. Nb3 Rfc8 12. Qf3 a6 13. Be3 Qc7 14. Qh3 b5
15. Rad1 b4 16. Nd5 Nxd5 17. exd5 Bxb2 18. Bd4 Bxd4 19. Rxd4 a5 20. f5 Qc3 21.
fxg6 Qxh3 22. gxf7+ Kg7 23. gxh3 Nf6 24. Rf2 Kxf7 25. Rd3 Ke8 26. Re2 Kd7 27.
Rdd2 Rg8 28. Rg2 Rxg2 29. Kxg2 Ne4 30. Rd3 a4 31. Nd2 Nc5 32. Rd4 Na6 33. Nc4
Rb8 34. Nd2 Nc7 35. Kg3 Rb5 36. Nc4 Nxd5 37. Rd3 Nc3 38. a3 Ne2+ 39. Kf2 Nf4 40.
Rf3 bxa3 41. Rxa3 Rb4 42. Rxa4 Rxa4 43. Nb6+ Kc6 44. Nxa4 Nxh3+ 45. Kg3 Ng5 46.
Kf4 Nf7 47. Kf5 Kb5 48. Nc3+ Kc4 49. Ne2 Nd8 50. Kg5 Nf7+ 51. Kf5 Nd8 52. Kg5
Nf7+ 53. Kf5 Nd8 54. Kg5 e5 55. Kh6 d5 56. Kxh7 d4 57. Kg6 d3 58. cxd3+ Kxd3 59.
Ng3 e4 60. h4 Ne6 61. Nxe4 Kxe4 62. h5 Nf4+ 1/2-1/2

[Event "XXV OOM - Mistrzostwa Polski Juniorow Mlodszych - Dziewczeta do lat 12"]
[Site "Sielpia"]
[Date "1899-12-30"]
[Round "5.14"]
[White "Nieckarz, Maja"]
[Black "Grembocka, Zuzanna"]
[Result "1-0"]
[WhiteTitle "I"]
[BlackTitle "II"]
[WhiteElo "1248"]
[BlackElo "1052"]

1. e4 e5 2. Nf3 Nc6 3. d4 d6 4. dxe5 Bg4 5. exd6 Bxd6 6. Be2 Nf6 7. h3 Be6 8. Bd3
h6 9. Nc3 Qc8 10. Qe2 Bb4 11. Bd2 a6 12. a3 Bc5 13. Bc4 Bd7 14. Bxf7+ Kxf7 15.
Qc4+ Be6 16. Qxc5 Re8 17. O-O-O Na7 18. g4 b5 19. g5 Nd7 20. Qe3 b4 21. axb4 a5
22. Qf4+ Kg8 23. gxh6 axb4 24. Qg5 Re7 25. Qxe7 Qf8 26. Qxe6+ Kh8 27. Qxd7 Nc6
28. hxg7+ Qxg7 29. Qxg7+ Kxg7 30. Rhg1+ Kh8 31. b3 Rg8 32. Rxg8+ Kxg8 33. Nd5
Nd4 34. Nxd4 c5 35. Nf5 c4 36. Bxb4 cxb3 37. Rg1+ Kf7 38. cxb3 Ke6 39. Bc3 Kd7
40. Rg6 Ke8 41. Rg7 Kd8 42. h4 Kc8 43. Nb6+ Kd8 44. Bf6+ Ke8 45. Nd6+ Kf8 46.
Nd7# 1-0

[Event "XXV OOM - Mistrzostwa Polski Juniorow Mlodszych - Dziewczeta do lat 12"]
[Site "Sielpia"]
[Date "1899-12-30"]
[Round "5.16"]
[White "Rojek, Paulina"]
[Black "Palejko, Maria"]
[Result "1/2-1/2"]
[WhiteTitle "I"]
[BlackTitle "I"]
[WhiteElo "1054"]
[BlackElo "1238"]

1. d4 Nf6 2. c4 e6 3. Nc3 d5 4. cxd5 exd5 5. Bg5 Be7 6. e3 h6 7. Bf4 a6 8. Bd3
b6 9. Qc2 Bb7 10. h3 Nbd7 11. Nf3 c5 12. b3 O-O 13. O-O c4 14. bxc4 dxc4 15. Be2
b5 16. Rab1 Qc8 17. Rfc1 b4 18. Na4 Be4 19. Qb2 Bxb1 20. Qxb1 Qc6 21. Nb2 c3 22.
Nd3 a5 23. Nfe5 Nxe5 24. Nxe5 Qb6 25. Rxc3 Rac8 26. Nc4 Qa7 27. Rc1 Nd5 28. Bf1
Nxf4 29. exf4 Qxd4 30. Nxa5 Qxf4 31. Nc6 Qf6 32. Nxe7+ Qxe7 33. Re1 Qd6 34. Rd1
Qc5 35. Rd3 Rb8 36. Rg3 Qe5 37. Rg4 Qd6 38. Qb2 g6 39. Bc4 Kh7 40. Qb3 Qe7 41.
Rf4 Kg7 42. Qb2+ Kh7 43. g3 Qd7 44. Kh2 f5 45. Rd4 Qg7 46. Qd2 Rfe8 47. Bb3 Re2
48. Qf4 Qb7 49. Rc4 Re7 50. Qd6 Rd7 51. Qc5 Qb6 52. Qxb6 Rxb6 53. Rc8 Rg7 54.
Kg2 Rbb7 55. h4 h5 56. Rc6 Rgc7 57. Rf6 Kg7 58. Re6 Re7 59. Rc6 Kh7 60. Rf6 Kg7
61. Rc6 Re8 62. Rd6 Rf8 63. Rd4 Rc8 64. Rd6 Re8 65. Rd2 Ree7 66. Rd6 Rbd7 67.
Rb6 Rb7 68. Rd6 Ra7 69. Rb6 Rab7 70. Rd6 Kh7 71. Rd2 Red7 72. Rc2 Rd6 73. Rc4
Kh6 74. Rc8 g5 75. Rh8+ Kg6 76. hxg5 Kxg5 77. Rg8+ Kh6 78. Rf8 Kg5 79. Rg8+ Kf6
1/2-1/2

[Event "XXV OOM - Mistrzostwa Polski Juniorow Mlodszych - Dziewczeta do lat 12"]
[Site "Sielpia"]
[Date "1899-12-30"]
[Round "5.18"]
[White "Reszka, Barbara"]
[Black "Jedrzejewska, Zuzanna"]
[Result "0-1"]
[WhiteTitle "II"]
[BlackTitle "I"]
[WhiteElo "1157"]
[BlackElo "1236"]

1. d4 d5 2. Nf3 Nf6 3. c4 e6 4. Nc3 Be7 5. cxd5 exd5 6. Bg5 O-O 7. e3 Bg4 8. h3
Bh5 9. Be2 h6 10. Bf4 a6 11. O-O b5 12. a3 Nbd7 13. Rc1 Rc8 14. a4 b4 15. Na2
Nb8 16. Qe1 a5 17. Ne5 Bxe2 18. Qxe2 Bd6 19. Bh2 Bxe5 20. Bxe5 Ne4 21. Rcd1 Nd7
22. Bh2 Nb6 23. f3 Nf6 24. b3 c6 25. Rc1 Re8 26. Rc2 Qe7 27. Re1 Qb7 28. Nc1 Nbd7
29. Qd3 Re6 30. Ne2 Rce8 31. Ng3 g6 32. Rce2 c5 33. e4 cxd4 34. Qxd4 dxe4 35.
fxe4 Qc6 36. e5 Nd5 37. Rd2 Rxe5 38. Ne4 Rxe4 39. Rxe4 Rxe4 40. Qxe4 Qc1+ 41.
Kf2 Qxd2+ 42. Kf3 N7f6 43. Qe2 Qc3+ 44. Kf2 Qxb3 45. g3 Qxa4 46. g4 b3 47. Be5
Qa2 48. Qxa2 bxa2 49. Kf3 Nd7 50. Bd4 Nb4 51. h4 Nc2 52. Bc3 a1=Q 53. Bxa1 Nxa1
54. Ke3 Ne5 55. g5 hxg5 56. hxg5 a4 57. Kd2 Nf3+ 58. Kc3 Nxg5 59. Kb4 f5 60. Kxa4
f4 0-1

[Event "XXV OOM - Mistrzostwa Polski Juniorow Mlodszych - Dziewczeta do lat 12"]
[Site "Sielpia"]
[Date "1899-12-30"]
[Round "5.19"]
[White "Filipiak, Magdalena"]
[Black "Predkiewicz, Paulina"]
[Result "1/2-1/2"]
[WhiteTitle "I"]
[BlackTitle "II+"]
[WhiteElo "1181"]
[BlackElo "1056"]

1. e4 e5 2. Nf3 Nc6 3. Bb5 f5 4. Nc3 fxe4 5. Nxe4 Nf6 6. Nxf6+ Qxf6 7. d3 h6 8.
O-O Be7 9. Re1 d6 10. d4 O-O 11. Bxc6 bxc6 12. dxe5 dxe5 13. Qe2 Bg4 14. Qc4+
Be6 15. Qxc6 Bd6 16. Be3 Kh8 17. Bc5 Rad8 18. Rad1 Bxc5 19. Qxc5 Rxd1 20. Rxd1
Bg4 21. Qe3 Qe6 22. Qxa7 Bxf3 23. gxf3 Qg6+ 24. Kf1 Qxc2 25. Re1 Qd3+ 26. Kg1
Qxf3 27. Qe3 Qf7 28. a3 Qg6+ 29. Qg3 Qc2 30. Rxe5 Qc1+ 31. Kg2 Rf6 32. Re7 Qc6+
33. Kf1 Rg6 34. Qc3 Qg2+ 35. Ke1 Qg1+ 36. Ke2 Qxh2 1/2-1/2

[Event "XXV OOM - Mistrzostwa Polski Juniorow Mlodszych - Dziewczeta do lat 12"]
[Site "Sielpia"]
[Date "1899-12-30"]
[Round "5.20"]
[White "Pniewska, Beata"]
[Black "Krzysztynska, Maria"]
[Result "1-0"]
[WhiteTitle "I"]
[BlackTitle "II"]
[WhiteElo "1176"]
[BlackElo "1029"]

1. e4 e5 2. Nf3 Nc6 3. Bc4 Bc5 4. d3 Nf6 5. O-O d6 6. c3 d5 7. exd5 Nxd5 8. Qb3
Be6 9. Qxb7 Nde7 10. Qb3 Rb8 11. Qc2 Qd6 12. Bg5 O-O 13. Nbd2 Nf5 14. Ne4 Bxf2+
15. Qxf2 Qd7 16. b3 h6 17. Bc1 Kh8 18. Ba3 Rfe8 19. Nc5 Qd8 20. Rad1 Nd6 21. Rfe1
Nxc4 22. dxc4 Qf6 23. Ne4 Qg6 24. Qg3 Qh5 25. Nf2 Bc8 26. Nd4 Bb7 27. Nb5 Rbc8
28. Rd7 a6 29. Nxc7 Na5 30. Nxe8 Rxe8 31. Bb4 Bc6 32. Rd6 e4 33. Bxa5 Qxa5 34.
Rxc6 Qxa2 35. Ng4 a5 36. Nxh6 Qd2 37. Nxf7+ Kg8 38. Nh6+ Kh8 39. Nf5 Qd7 40. Qh3+
Kg8 41. Nh6+ gxh6 42. Qxd7 e3 43. Rg6+ Kf8 44. Qg7# 1-0

[Event "XXV OOM - Mistrzostwa Polski Juniorow Mlodszych - Dziewczeta do lat 12"]
[Site "Sielpia"]
[Date "1899-12-30"]
[Round "5.22"]
[White "Lewicka, Joanna"]
[Black "Wiszniewska, Julia"]
[Result "0-1"]
[WhiteTitle "II+"]
[BlackTitle "I"]
[WhiteElo "1189"]
[BlackElo "1082"]

1. e4 c5 2. c3 d5 3. exd5 Qxd5 4. d4 e5 5. Be3 cxd4 6. cxd4 Nc6 7. Nc3 Bb4 8. Nf3
Bg4 9. Be2 Bxf3 10. Bxf3 Qd6 11. O-O Nge7 12. Nb5 Qd8 13. dxe5 O-O 14. Qb3 a6
15. Rfd1 Qa5 16. Nd6 Nxe5 17. Bxb7 Rad8 18. Nc4 Nxc4 19. Qxc4 Qh5 20. Bf3 Qa5
21. h3 Bd6 22. Rd3 Ng6 23. Rad1 Ne5 24. Qb3 Nxd3 25. Bb6 Qb5 26. Qxb5 axb5 27.
Bxd8 Rxd8 28. Kf1 Nxb2 29. Rb1 Nc4 30. Rxb5 Nd2+ 31. Ke2 Nxf3 32. Kxf3 Ra8 33.
Rb2 g6 34. Ke4 f5+ 35. Kd5 Be7 36. Kc4 Kf7 37. Kb3 Rb8+ 38. Kc2 Rxb2+ 39. Kxb2
Bc5 40. f3 Ke6 41. Kc3 Kd5 42. a4 Bf2 43. a5 Ke5 44. Kd3 Kf4 45. Ke2 Ba7 46. Kf1
Kg3 47. a6 g5 48. f4 Kxf4 49. g4 fxg4 50. hxg4 Kxg4 51. Kg2 h5 52. Kh2 Bb8+ 53.
Kg2 h4 54. Kg1 Kf4 55. Kh2 g4 56. Kg2 g3 57. Kh3 Kf3 58. a7 Bxa7 59. Kxh4 g2 60.
Kh5 g1=Q 0-1

[Event "XXV OOM - Mistrzostwa Polski Juniorow Mlodszych - Dziewczeta do lat 12"]
[Site "Sielpia"]
[Date "1899-12-30"]
[Round "5.23"]
[White "Zapalowska, Wiktoria"]
[Black "Para, Aleksandra"]
[Result "1/2-1/2"]
[WhiteTitle "II"]
[BlackTitle "II+"]
[WhiteElo "1102"]
[BlackElo "1034"]

1. e4 c5 2. Ne2 a6 3. g3 d6 4. Bg2 e5 5. O-O Nf6 6. c3 Nc6 7. d4 cxd4 8. cxd4 Be7
9. Nbc3 O-O 10. d5 Nb8 11. h3 Nbd7 12. Be3 b5 13. a3 Bb7 14. Qd2 Rc8 15. Rfc1
Nb6 16. b3 Nfd7 17. Kh2 Nc5 18. Bxc5 Rxc5 19. Na2 Rxc1 20. Rxc1 Qb8 21. Qa5 Bd8
22. Qc3 Bg5 23. Rf1 Rc8 24. Qd3 Bf6 25. f4 Qc7 26. fxe5 Bxe5 27. Rc1 Qd8 28. Rxc8
Qxc8 29. Nd4 Nd7 30. Nf5 Kf8 31. Qd2 1/2-1/2

[Event "XXV OOM - Mistrzostwa Polski Juniorow Mlodszych - Dziewczeta do lat 12"]
[Site "Sielpia"]
[Date "1899-12-30"]
[Round "5.26"]
[White "Makarec, Anna"]
[Black "Prawucka, Zofia"]
[Result "1/2-1/2"]
[WhiteTitle "II+"]
[BlackTitle "II"]
[WhiteElo "1071"]
[BlackElo "1088"]

1. e4 c6 2. d4 d5 3. exd5 cxd5 4. Bd3 Nc6 5. c3 Nf6 6. Bf4 e6 7. Nf3 Bd6 8. Bxd6
Qxd6 9. O-O O-O 10. Nbd2 Re8 11. Re1 Qc7 12. Ne5 Nxe5 13. dxe5 Nd7 14. Nf3 a6
15. Qc2 g6 16. Qd2 Kg7 17. h4 b5 18. h5 Bb7 19. hxg6 fxg6 20. Qg5 Nc5 21. Qf6+
Kg8 22. Bc2 Rf8 23. Qg5 Ne4 24. Qg4 Qb6 25. Qh4 Rac8 26. Bxe4 dxe4 27. Ng5 Rc7
28. Nxe4 Bxe4 29. Rxe4 Rc4 30. Rxc4 bxc4 31. Qxc4 Qxf2+ 32. Kh1 1/2-1/2

[Event "XXV OOM - Mistrzostwa Polski Juniorow Mlodszych - Dziewczeta do lat 12"]
[Site "Sielpia"]
[Date "1899-12-30"]
[Round "6.1"]
[White "Bar, Klaudia"]
[Black "Pawicka, Magdalena"]
[Result "1/2-1/2"]
[WhiteTitle "I"]
[BlackTitle "I"]
[WhiteElo "1449"]
[BlackElo "1748"]

1. Nf3 Nf6 2. g3 b6 3. Bg2 Bb7 4. O-O e6 5. d3 Be7 6. Nbd2 O-O 7. e4 d6 8. Re1
Nbd7 9. Nf1 c5 10. h4 Rc8 11. c4 Ne5 12. N1h2 Nfd7 13. h5 Nxf3+ 14. Bxf3 Bg5 15.
Bg2 Bxc1 16. Qxc1 Ne5 17. Qe3 h6 18. Rad1 Nc6 19. a3 Qf6 20. Qd2 Ba8 21. b4 Nd4
22. f4 cxb4 23. axb4 b5 24. Qf2 e5 25. Ng4 Qe7 26. Ne3 f6 27. Qa2 Qf7 28. Rf1
Kh8 29. Bh3 Rc7 30. g4 Qe7 31. Ng2 Bc6 32. Nh4 Be8 33. cxb5 Nxb5 34. Nf5 Qf7 35.
Qa6 Qd7 36. Rc1 Rc6 37. Qa5 Qb7 38. Ra1 Bf7 39. Nh4 Qb6+ 40. Qxb6 axb6 41. Ra6
Nd4 42. fxe5 dxe5 43. Rb1 b5 44. Ra7 Kg8 45. Rb7 Rc3 46. Bf1 Rfc8 47. Nf5 Nxf5
48. exf5 Be8 49. Kf2 R3c7 50. Rb6 Rc6 51. Rb7 R6c7 52. Rxc7 Rxc7 53. Bg2 Rc2+
54. Kg3 Bc6 55. Bf1 Kf8 56. Rb3 Bd5 57. Rb1 Ba2 58. Ra1 Rb2 59. Bg2 Bb1 1/2-1/2

[Event "XXV OOM - Mistrzostwa Polski Juniorow Mlodszych - Dziewczeta do lat 12"]
[Site "Sielpia"]
[Date "1899-12-30"]
[Round "6.2"]
[White "Pudelko, Magdalena"]
[Black "Siekanska, Maria"]
[Result "0-1"]
[WhiteTitle "I"]
[BlackTitle "I+"]
[WhiteElo "1371"]
[BlackElo "1509"]

1. e4 c5 2. Nf3 e6 3. d4 cxd4 4. Nxd4 Nf6 5. Nc3 d6 6. f3 Be7 7. Be3 O-O 8. Qd2
Nc6 9. O-O-O a6 10. Kb1 Nxd4 11. Bxd4 b5 12. g4 Bb7 13. h4 Nd7 14. Bd3 b4 15.
Ne2 a5 16. g5 d5 17. Ng3 Bc5 18. Bb5 Bxd4 19. Qxd4 e5 20. Qd2 d4 21. Nh5 Nc5 22.
Qh2 Qe7 23. Ng3 Ba6 24. Nf5 Qc7 25. Bc6 Rac8 26. h5 Kh8 27. Bd5 Na4 28. g6 Nc3+
29. Ka1 h6 30. bxc3 Qxc3+ 31. Kb1 d3 32. Rd2 dxc2+ 33. Rxc2 Bd3 0-1

[Event "XXV OOM - Mistrzostwa Polski Juniorow Mlodszych - Dziewczeta do lat 12"]
[Site "Sielpia"]
[Date "1899-12-30"]
[Round "6.3"]
[White "Szopa, Emilia"]
[Black "Ziobrowska, Maja"]
[Result "1-0"]
[WhiteTitle "I+"]
[BlackTitle "II+"]
[WhiteElo "1470"]
[BlackElo "1134"]

1. e4 e5 2. Nf3 Nc6 3. Bc4 Nf6 4. d3 h6 5. O-O d6 6. c3 g6 7. Re1 Bg7 8. Nbd2 O-O
9. Bb3 Qe7 10. Nf1 Bd7 11. Ng3 Nd8 12. h3 Ne6 13. Be3 a6 14. Qd2 Kh7 15. Rad1
Rad8 16. Nh2 c6 17. d4 Rh8 18. h4 exd4 19. cxd4 d5 20. e5 Ne4 21. Nxe4 dxe4 22.
f3 Qxh4 23. Bf2 Qe7 24. Rxe4 Ng5 25. Ree1 Be6 26. Bh4 Rhe8 27. f4 Bxb3 28. axb3
Qc7 29. fxg5 Bxe5 30. Rxe5 Rxe5 31. Bg3 Re2 32. Bxc7 Rxd2 33. Rxd2 Rd7 34. Bf4
1-0

[Event "XXV OOM - Mistrzostwa Polski Juniorow Mlodszych - Dziewczeta do lat 12"]
[Site "Sielpia"]
[Date "1899-12-30"]
[Round "6.4"]
[White "Szczotka, Klara"]
[Black "Kulczycka, Zofia"]
[Result "1-0"]
[WhiteTitle "I++"]
[BlackTitle "II+"]
[WhiteElo "1638"]
[BlackElo "1222"]

1. e4 e6 2. d4 d5 3. Bd3 c5 4. exd5 exd5 5. Nf3 Nc6 6. O-O Bg4 7. Re1+ Be7 8. dxc5
Qd7 9. Bf4 O-O-O 10. h3 Bh5 11. c3 Bxc5 12. Qc2 Bg6 13. Nbd2 Nf6 14. Nb3 Bd6 15.
Bxd6 Qxd6 16. Bxg6 fxg6 17. Ng5 Rde8 18. Nf7 Qf8 19. Rxe8+ Nxe8 20. Nxh8 Qxh8
21. Re1 Nf6 22. Qd2 Qd8 23. Nc5 Qb6 24. b4 a5 25. a3 axb4 26. axb4 Qc7 27. Qa2
Kb8 28. Ra1 Kc8 29. Qa8+ Nb8 30. Ra7 Nfd7 31. Qxb7+ Qxb7 32. Nxb7 Nc6 33. Nd6+
Kd8 34. Ra3 Nde5 35. b5 Kd7 36. Nb7 Nb8 37. Ra7 Ke6 38. Nc5+ Kf6 39. Rb7 1-0

[Event "XXV OOM - Mistrzostwa Polski Juniorow Mlodszych - Dziewczeta do lat 12"]
[Site "Sielpia"]
[Date "1899-12-30"]
[Round "6.5"]
[White "Niedorys, Karolina"]
[Black "Oborska, Magda"]
[Result "1-0"]
[WhiteTitle "II"]
[BlackTitle "I+"]
[WhiteElo "1129"]
[BlackElo "1339"]

1. e4 e5 2. Nf3 Nc6 3. d4 exd4 4. Bc4 h6 5. O-O d6 6. Nxd4 Be7 7. Bb5 Bd7 8. Nxc6
Bxc6 9. Bxc6+ bxc6 10. Nc3 Nf6 11. Qf3 O-O 12. Bf4 Nh7 13. Rfd1 Rb8 14. Rab1 Re8
15. Qg3 Kh8 16. e5 Bh4 17. Qf3 d5 18. Be3 a6 19. Qxf7 Rxe5 20. Bd4 Ng5 21. Qf4
Re6 22. Qg4 Rg6 23. f4 a5 24. fxg5 Rxg5 25. Qe6 Qf8 26. Qxh6+ Kg8 27. Qxh4 Qf5
28. Qf2 Qg6 29. Rf1 Rb4 30. Ne2 Rc4 31. c3 c5 32. b3 cxd4 33. bxc4 d3 34. Rb8+
Kh7 35. Nf4 Qh6 36. Nxd3 dxc4 37. Ne1 Rh5 38. Qc2+ Qg6 39. Rh8+ Kxh8 40. Qxg6
1-0

[Event "XXV OOM - Mistrzostwa Polski Juniorow Mlodszych - Dziewczeta do lat 12"]
[Site "Sielpia"]
[Date "1899-12-30"]
[Round "6.6"]
[White "Slusarczyk, Anna"]
[Black "Seemann, Pola"]
[Result "0-1"]
[WhiteTitle "I"]
[BlackTitle "II+"]
[WhiteElo "1347"]
[BlackElo "1229"]

1. d4 Nf6 2. c4 g6 3. Nc3 Bg7 4. e4 d6 5. Be2 O-O 6. Nf3 e5 7. d5 Nbd7 8. Bg5 a5
9. Nd2 h6 10. Bh4 g5 11. Bg3 Nc5 12. h4 g4 13. h5 Qd7 14. b3 c6 15. Rc1 Ra7 16.
a3 Rd8 17. b4 Na6 18. c5 axb4 19. dxc6 bxc6 20. axb4 Nxb4 21. cxd6 Qxd6 22. Nc4
Qxd1+ 23. Rxd1 Rxd1+ 24. Bxd1 Nd3+ 25. Kd2 Rd7 26. Kc2 Rd4 27. Nxe5 Nb4+ 28. Kb3
Be6+ 29. Kb2 Nxe4 30. Nxe4 Rxe4 31. Ka3 Bxe5 32. Bxe5 Rxe5 33. Kxb4 c5+ 34. Kc3
Kf8 35. g3 Bd5 36. Rh4 f5 37. f3 Bxf3 38. Bxf3 Re3+ 39. Kc4 Rxf3 40. Kxc5 Rxg3
41. Rh1 f4 42. Kd4 Rh3 43. Rf1 f3 44. Ke3 Rxh5 45. Rg1 Rg5 46. Rg3 h5 47. Rg1
h4 48. Kf2 Kf7 49. Rh1 h3 50. Kg3 Kf6 51. Rh2 Rg7 52. Rh1 Kg5 53. Rh2 Re7 54.
Rh1 Re2 55. Rh2 Rxh2 56. Kxh2 f2 57. Kg3 f1=Q 0-1

[Event "XXV OOM - Mistrzostwa Polski Juniorow Mlodszych - Dziewczeta do lat 12"]
[Site "Sielpia"]
[Date "1899-12-30"]
[Round "6.7"]
[White "Roszkiewicz, Zofia"]
[Black "Nieckarz, Maja"]
[Result "0-1"]
[WhiteTitle "I"]
[BlackTitle "I"]
[WhiteElo "1444"]
[BlackElo "1248"]

1. e4 e5 2. Nf3 Nc6 3. d4 exd4 4. Nxd4 Nf6 5. Nxc6 bxc6 6. e5 Qe7 7. Qe2 Nd5 8.
c4 Nb6 9. b3 a5 10. Bb2 a4 11. Nd2 axb3 12. axb3 Rxa1+ 13. Bxa1 Qa3 14. Qd1 Bb4
15. Bd3 Qa5 16. Bb2 Bc3 17. Bxc3 Qxc3 18. Qe2 O-O 19. O-O Re8 20. Re1 d6 21. f4
dxe5 22. fxe5 Rd8 23. Bxh7+ Kxh7 24. Qh5+ Kg8 25. Nf3 Qc2 26. Ng5 Qg6 27. Qh4
Qh6 28. Qg3 Be6 29. Rf1 Rd4 30. Qf2 Rd7 31. Qg3 Qg6 32. Qf4 c5 33. Ne4 Rd4 34.
Re1 Bf5 35. e6 Qxe6 36. Qxc7 Rxe4 37. Rxe4 Qxe4 38. Kf2 Qc2+ 39. Kg1 Qxb3 40.
g4 Qd1+ 41. Kf2 Qd4+ 42. Ke1 Bxg4 43. Qxb6 Qe3+ 44. Kf1 Qf3+ 45. Kg1 Bh3 46. Qd8+
Kh7 47. Qh4+ Kg6 48. Qg3+ Qxg3+ 49. hxg3 Be6 0-1

[Event "XXV OOM - Mistrzostwa Polski Juniorow Mlodszych - Dziewczeta do lat 12"]
[Site "Sielpia"]
[Date "1899-12-30"]
[Round "6.8"]
[White "Grzesik, Nikola"]
[Black "Giemza, Julia"]
[Result "1/2-1/2"]
[WhiteTitle "I"]
[BlackTitle "I"]
[WhiteElo "1339"]
[BlackElo "1244"]

1. e4 d5 2. exd5 Nf6 3. d4 Nxd5 4. c4 Nb6 5. Nf3 g6 6. Be2 Bg7 7. O-O O-O 8. Nc3
Bg4 9. Be3 c6 10. c5 Nd5 11. Nxd5 Qxd5 12. Qc2 Bxf3 13. Bxf3 Qd7 14. Rad1 e6 15.
Qc4 Na6 16. b4 Nc7 17. a4 Nd5 18. Bxd5 Qxd5 19. Qxd5 exd5 20. Ra1 Rfe8 21. Ra3
f5 22. Rd3 Re4 23. g3 Rae8 24. Rfd1 h6 25. h4 Kf7 26. Kf1 R8e7 27. Bf4 Re8 28.
f3 Re2 29. R3d2 R2e6 30. Rb2 h5 31. Bg5 Bf6 1/2-1/2

[Event "XXV OOM - Mistrzostwa Polski Juniorow Mlodszych - Dziewczeta do lat 12"]
[Site "Sielpia"]
[Date "1899-12-30"]
[Round "6.9"]
[White "Lazniewska, Zofia"]
[Black "Szewczuk, Aleksandra"]
[Result "1/2-1/2"]
[WhiteTitle "I"]
[BlackTitle "II+"]
[WhiteElo "1288"]
[BlackElo "1196"]

1. e4 c6 2. d4 d5 3. Nc3 dxe4 4. Nxe4 Bf5 5. Ng3 Bg6 6. h4 h6 7. Nf3 Nd7 8. h5
Bh7 9. Bd3 Bxd3 10. Qxd3 e6 11. Bf4 Qa5+ 12. Bd2 Bb4 13. c3 Be7 14. c4 Bb4 15.
Ne4 Bxd2+ 16. Nfxd2 Qc7 17. Qa3 Ndf6 18. Nd6+ Kd8 19. O-O-O Ne8 20. c5 Ngf6 21.
N2c4 Nxd6 22. cxd6 Qb8 23. Ne5 Ke8 24. Rhe1 Qd8 25. Qb4 Rb8 26. Kb1 Qb6 27. d7+
Nxd7 28. Qd6 Qd8 29. Nxd7 Rc8 30. Qe5 Kxd7 31. Qxg7 Qg8 32. Qf6 Qh7+ 33. Kc1 Rhg8
34. g3 Qg7 35. Qe5 Qg5+ 36. Kc2 Rce8 37. Rd3 f6 38. Qc5 b6 39. Qa3 a5 40. Qb3
b5 41. Qc3 a4 42. Qc5 Qxc5+ 43. dxc5+ Kc7 44. Rd6 Rg5 45. Rdxe6 Rxc5+ 46. Kd3
Rd5+ 47. Kc3 Rc5+ 48. Kb4 Rxe6 49. Rxe6 Rf5 50. f4 Kd7 51. Re2 Rxh5 52. Rc2 Kd6
53. Ka5 Rc5 54. Rd2+ Rd5 55. Rg2 Rd4 56. Kb6 Kd5 57. Rh2 Rb4 58. Ka5 Kc5 59. Rc2+
Rc4 60. Rh2 Rb4 61. Rc2+ Rc4 62. Rh2 a3 63. b3 1/2-1/2